Origen y fundamentos de la hacienda y la economía colombianas / (Registro nro. 12711)
[ vista simple ]
| 000 -LEADER | |
|---|---|
| fixed length control field | 01221nam a2200265Ia 4500 |
| 003 - CONTROL NUMBER IDENTIFIER | |
| control field | OSt |
| 005 - DATE AND TIME OF LATEST TRANSACTION | |
| control field | 20211111160942.0 |
| 008 - FIXED-LENGTH DATA ELEMENTS--GENERAL INFORMATION | |
| fixed length control field | 210310s2000 ck gr 000 0 spa d |
| 020 ## - INTERNATIONAL STANDARD BOOK NUMBER | |
| International Standard Book Number | 9586164454 |
| 040 ## - CATALOGING SOURCE | |
| Original cataloging agency | CO-JMCR |
| Transcribing agency | CO-JMCR |
| 041 0# - LANGUAGE CODE | |
| Language code of text/sound track or separate title | spa |
| 082 04 - DEWEY DECIMAL CLASSIFICATION NUMBER | |
| Classification number | 330.986105 / |
| Item number | L864o |
| Edition number | 23 |
| 100 1# - MAIN ENTRY--PERSONAL NAME | |
| Personal name | López Garavito, Luis Fernando, |
| Relator term | autor |
| 9 (RLIN) | 29008 |
| 245 10 - TITLE STATEMENT | |
| Title | Origen y fundamentos de la hacienda y la economía colombianas / |
| Statement of responsibility, etc. | Luis Fernando López Garavito |
| 250 ## - EDITION STATEMENT | |
| Edition statement | Primera edición |
| 260 ## - PUBLICATION, DISTRIBUTION, ETC. | |
| Place of publication, distribution, etc. | Bogotá : |
| Name of publisher, distributor, etc. | Panamericana, |
| Date of publication, distribution, etc. | 2000. |
| 300 ## - PHYSICAL DESCRIPTION | |
| Extent | 404 páginas ; |
| Dimensions | 24 cm. |
| 500 ## - GENERAL NOTE | |
| General note | Incluye índices. |
| 504 ## - BIBLIOGRAPHY, ETC. NOTE | |
| Bibliography, etc. note | Bibliografía : páginas 393-397. |
| 505 0# - FORMATTED CONTENTS NOTE | |
| Formatted contents note | Guerra y crisis, economía y derecho. -- Génesis del sistema. -- Evolución de la hacienda y el tesoro en el periodo 1840-1861. -- Evolución de la hacienda y el tesoro en el periodo 1863-1886. -- La hacienda pública desde la reforma constitucional de 1886 hasta fines del siglo XIX. -- Reformas constitucionales del régimen de hacienda y tesoro durante el siglo XIX. |
| 650 14 - SUBJECT ADDED ENTRY--TOPICAL TERM | |
| Topical term or geographic name entry element | Fundamentos de la hacienda |
| 9 (RLIN) | 41500 |
| 650 24 - SUBJECT ADDED ENTRY--TOPICAL TERM | |
| Topical term or geographic name entry element | Hacienda y economía |
| Geographic subdivision | Colombia |
| 9 (RLIN) | 41501 |
| 650 24 - SUBJECT ADDED ENTRY--TOPICAL TERM | |
| Topical term or geographic name entry element | Reformas constitucionales |
| 9 (RLIN) | 41502 |
| 942 ## - ADDED ENTRY ELEMENTS (KOHA) | |
| Source of classification or shelving scheme | Dewey Decimal Classification |
| Koha item type | Books |
| Withdrawn status | Lost status | Source of classification or shelving scheme | Damaged status | Not for loan | Home library | Current library | Shelving location | Date acquired | Source of acquisition | Full call number | Barcode | Date last seen | Copy number | Price effective from | Koha item type |
|---|---|---|---|---|---|---|---|---|---|---|---|---|---|---|---|
| Dewey Decimal Classification | Biblioteca Pública José María del Castillo y Rada | Biblioteca Pública José María del Castillo y Rada | General Stacks | 04/15/2018 | Donación | 330.986105 / L864o | 430004735 | 05/16/2024 | Ej.1 | 03/10/2021 | Books |